000
00312nam a22001337a 4500
008
170724b xxu||||| |||| 00| 0 eng d
020
_a
0470200871
041
_a
eng
080
_2
2ND
_a
004
100
_a
29
101
_a
SHK
245
_a
INTRODUCTION TO SIMULATION AND SLAM II
_c
PRITSKER,A.B
942
_2
udc
_c
BK
999
_c
21816
_d
21816